Leaders of Africa Quiz - Statistics

General Stats
  • This quiz has been taken 237 times
    162 since last reset
  • The average score is 17 of 38
Answer Stats
Position Years Leader % Correct
South African President 1994-1999 Nelson Mandela
97%
Ugandan Dictator 1971-1979 Idi Amin
86%
Libyan Brotherly Leader 1969–2011 Muammar Gaddafi
81%
Zimbabwean Dictator 1987-2017 Robert Mugabe
76%
Egyptian President 1956-1970 Gamal Abdel Nasser
74%
Ethiopian Emperor 1930-1974 Haile Selassie
71%
Egyptian President 1981-2011 Hosni Mubarak
69%
President of Zaire 1965-1997 Mobutu Sese Seko
68%
Egyptian President 1970-1981 Anwar Sadat
60%
Moroccan King 1999- Mohammed VI
60%
South African President 2009-2018 Jacob Zuma
59%
State President of South Africa 1989-1994 F. W. de Klerk
52%
Egyptian President 2014- Abdel Fattah el-Sisi
51%
Kenyan President 1963-1978 Jomo Kenyatta
51%
Rwandan President 2000- Paul Kagame
51%
South African President 2018- Cyril Ramaphosa
45%
Egyptian President 2012-2013 Mohamed Morsi
40%
Burkinabé President 1983-1987 Thomas Sankara
39%
D.R. Congolese P.M. 1960 Patrice Lumumba
37%
Liberian President 1997-2003 Charles Taylor
36%
Ethiopian P.M. 2018- Abiy Ahmed
32%
Liberian President 2018- George Weah
32%
Nigerian President 2010-2015 Goodluck Jonathan
32%
Cameroonian President 1982- Paul Biya
32%
Sudanese President 1989-2019 Omar al-Bashir
31%
Tanzanian President 1964-1985 Julius Nyerere
29%
Moroccan King 1961-1999 Hassan II
28%
Algerian President 1999-2019 Abdelaziz Bouteflika
26%
Liberian President 2006-2018 Ellen Johnson Sirleaf
26%
State President of South Africa 1984-1989 P. W. Botha
26%
South African President 1999-2004 Thabo Mbeki
26%
President of D.R. Congo 2001-2019 Joseph Kabila
25%
Nigerian President 2015- Muhammadu Buhari
23%
Tunisian President 1987-2011 Zine El Abidine Ben Ali
23%
Zambian President 1964-1991 Kenneth Kaunda
20%
Angolan President 1979-2017 José Eduardo dos Santos
16%
Ivorian President 1960-1993 Félix Houphouët-Boigny
13%
Seychellois President 1977-2004 France-Albert René
9%
No matching quizzes found
Score Distribution
Percent of People with Each Score
Percentile by Number Answered
Your Score History
You have not taken this quiz since the last reset